Come To Daddy Tracklist (Aphex Twin) - Statistics

General Stats
  • This quiz has been taken 15 times
  • The average score is 6 of 8
Answer Stats
Hint Answer % Correct
3 Come To Daddy - Little Lord Faulteroy Mix
100%
7 Come To Daddy - Mummy Mix
100%
1 Come To Daddy - Pappy Mix
100%
2 Film
86%
8 IZ-US
79%
6 Funny Little Man
64%
4 Bucephalus Bouncing Ball
57%
5 To Cure A Weakling Child -Contour Regard
57%
No matching quizzes found
Score Distribution
Percent of People with Each Score
Percentile by Number Answered
Your Score History
You have not taken this quiz